| 000 | 00395nam a2200169 a 4500 | ||
|---|---|---|---|
| 001 | 665 | ||
| 003 | CDMR | ||
| 005 | 20130315115234.0 | ||
| 008 | 130130s2000||||||||||||||||||||||||||||d | ||
| 020 | _a8420700207 | ||
| 040 |
_aCDMR _bcat _cCDMR |
||
| 100 | 1 |
_aRoma, Pepa _9507 |
|
| 245 | 1 | 0 | _aDe profesión periodista |
| 260 |
_aMadrid _c2000 _bAnaya |
||
| 490 | 0 | _aPunto de referencia | |
| 942 |
_cMON _2udc |
||
| 999 |
_c665 _d665 |
||